Chinese law and legal research

Guardat en:
Dades bibliogràfiques
Autor principal: Wei, Luo (Autor)
Format: Llibre
Idioma:anglès
Publicat: Buffalo, NY., USA William S. Hein and Co. Inc 2005
Col·lecció:Chinese Law Series
Matèries:
Etiquetes: Afegir etiqueta
Sense etiquetes, Sigues el primer a etiquetar aquest registre!

MARC

LEADER 00000cam a2200000 a 4500
001 UCC8591
003 CL-VaPUC
005 20210608001413.0
008 190719e20050000us |||||||||||||||||eng|d
999 |c 374865  |d 374863 
020 |a 0387734096 
040 |c Pontificia Universidad Católica de Valparaíso 
082 0 4 |a 349.52 WEI 2005   |2 21 
100 0 |a Wei, Luo  |e author  |9 47 
245 1 0 |a Chinese law and legal research 
260 |a Buffalo, NY., USA  |b William S. Hein and Co. Inc  |c 2005 
300 |a 380 páginas 
440 |a Chinese Law Series  |n  8  |9 856804 
583 |a last modification  |c 20190719 13:28:00  |k Rodrigo Vera 
650 7 |a DERECHO CHINO  |2 CL-VaPUC  |9 400975 
650 0 |a Historia del derecho  |9 255109 
650 0 |a Fuentes del derecho   |9 255162 
852 |a BIBDER 
942 |c BK  |2 ddc 
945 |d 20190719 13:28:00  |a dcastane 
952 |0 0  |1 0  |3 erd  |4 0  |6 349_520000000000000_WEI_2005  |7 0  |8 A  |9 493604  |a BIBDER  |b BIBDER  |d 2019-07-15  |e 1  |g 91941.00  |i 5555590  |l 1  |o 349.52 WEI 2005  |p 5555590  |r 2025-04-24  |s 2025-04-11  |v 91941.00  |w 2019-11-24  |y BK  |z Catalogado en:20190719  |k DER